Catálogo
 En Linea

Glosas marginales de Vetus Latina en biblias vulgatas españolas : (Registro nro. 38851)

Detalles MARC
000 -CABECERA
campo de control de longitud fija 01139nam a2200229 a 4500
001 - NÚMERO DE CONTROL
campo de control 000039361
005 - FECHA Y HORA DE LA ÚLTIMA TRANSACCIÓN
campo de control 20201002031620.0
008 - DATOS DE LONGITUD FIJA--INFORMACIÓN GENERAL
campo de control de longitud fija 130625s2000 sp 000 0 spa d
020 ## - NÚMERO INTERNACIONAL ESTÁNDAR DEL LIBRO
Número Internacional Estándar del Libro 8400078519
040 ## - FUENTE DE LA CATALOGACIÓN
Centro catalogador/agencia de origen DO-SdBNP
100 1# - ENTRADA PRINCIPAL--NOMBRE DE PERSONA
Nombre de persona Cañas Reíllo, José Manuel
9 (RLIN) 65564
245 10 - MENCIÓN DE TÍTULO
Título Glosas marginales de Vetus Latina en biblias vulgatas españolas :
Resto del título 1-2 Macabeos /
Mención de responsabilidad, etc. José Manuel Cañas Reíllo.
260 ## - PUBLICACIÓN, DISTRIBUCIÓN, ETC.
Lugar de publicación, distribución, etc. Madrid :
Nombre del editor, distribuidor, etc. Instituto de Filología del CSIC, Departamento de Filología Bíblica y de Oriente Antiguo
-- Consejo Superior de Investigación Científicas,
Fecha de publicación, distribución, etc. 2000.
300 ## - DESCRIPCIÓN FÍSICA
Extensión 326 p. ;
Dimensiones 24 cm.
490 1# - MENCIÓN DE SERIE
Mención de serie Textos y estudios Cardenal Cisneros : de la Biblia Políglota Matritense ;
Designación de volumen o secuencia 65
500 ## - NOTA GENERAL
Nota general Incluye índice
504 ## - NOTA DE BIBLIOGRAFÍA, ETC.
Nota de bibliografía, etc. Bibliografía : p. 276-295
504 ## - NOTA DE BIBLIOGRAFÍA, ETC.
Nota de bibliografía, etc. Incluye referencias bibliográficas y notas al pie de las páginas
710 2# - PUNTO DE ACCESO ADICIONAL--NOMBRE DE ENTIDAD CORPORATIVA
Nombre de entidad corporativa o nombre de jurisdicción como elemento de entrada Instituto de Filología del CSIC, Departamento de Filología Bíblica y de Oriente Antiguo
9 (RLIN) 65565
710 2# - PUNTO DE ACCESO ADICIONAL--NOMBRE DE ENTIDAD CORPORATIVA
Nombre de entidad corporativa o nombre de jurisdicción como elemento de entrada Consejo Superior de Investigación Científicas
9 (RLIN) 63831
830 00 - PUNTO DE ACCESO ADICIONAL DE SERIE-TÍTULO UNIFORME
Título uniforme Textos y estudios Cardenal Cisneros : de la Biblia Políglota Matritense ;
Designación de volumen o secuencia 65
9 (RLIN) 15280
Existencias
Estado de retiro Estado de pérdida Restricciones de uso No para préstamo Código de colección Localización permanente Ubicación/localización actual Ubicación en estantería Fecha de adquisición Número de inventario Total de préstamos Signatura topográfica completa Código de barras Fecha visto por última vez Precio válido a partir de Tipo de ítem Koha
      Excluido de préstamo Monografías: Libros y Folletos General General En catalogación 25.06.2013 LF1   39361-10 25.06.2020 25.06.2020 No se presta

Con tecnología Koha